Metallurgy and Material Science/ (Record no. 187108)

MARC details
000 -LEADER
fixed length control field 00693nam a22002057a 4500
005 - DATE AND TIME OF LATEST TRANSACTION
control field 20220331145811.0
010 ## - LCCN (DPL NO)
LC control number ENG-132187
020 ## - INTERNATIONAL STANDARD BOOK NUMBER
International Standard Book Number 9788195391936
Terms of availability 799.00
035 ## - SYSTEM CONTROL NUMBER
System control number EN-115719
037 ## - SOURCE OF ACQUISITION
Source of stock number/acquisition DBAD/PUB
082 ## - DEWEY DECIMAL CLASSIFICATION NUMBER
Classification number 669
100 ## - MAIN ENTRY--PERSONAL NAME
Personal name Sreekanth, D.V.
245 ## - TITLE STATEMENT
Title Metallurgy and Material Science/
Statement of responsibility, etc D.V. Sreekanth, B. Ravi Naik and R. Hanuma Naik
260 ## - PUBLICATION, DISTRIBUTION, ETC. (IMPRINT)
Place of publication, distribution, etc Hyderabad
Name of publisher, distributor, etc Srikrishna Techno Books
Date of publication, distribution, etc 2021
270 ## - ADDRESS
Address #326, III Floor, Surneni Nilayam Near B K Guda Park, S R Nagar
Electronic mail address studentshelpline.in@gmail.com
Postal code 500038
City Hyderabad
300 ## - PHYSICAL DESCRIPTION
Extent xvi, 376p.
Dimensions 24cm(pbk)
700 ## - ADDED ENTRY--PERSONAL NAME
Personal name Naik, B. Ravi
700 ## - ADDED ENTRY--PERSONAL NAME
Personal name Naik, R. Hanuma
942 ## - ADDED ENTRY ELEMENTS (KOHA)
Source of classification or shelving scheme Dewey Decimal Classification
Item type English Books
Call number suffix SRE
Classification part 669
Holdings
Withdrawn status Lost status Not for loan Collection code Home library Current library Date acquired Source of acquisition Cost, normal purchase price Full call number Barcode Copy number Cost, replacement price Koha item type
      Non-fiction Central Library Central Library 31/03/2022 DBAD/PUB 799.00 669 SRE EN-115719 1 799.00 English Books

© Delhi Public Library
Hit Counter
free hit counter